00429nam a2200121Ia 45000010005000000080041000050820026000461000018000722450150000902600024002409010028002649990015002923722241024s9999 xx 000 0 und d aRD/577.072/B615g/2013 a[*SIN AUTOR*] 0aGuía práctica, manejo adecuado de los suelos entorno a los parques nacionales de Nalga de Maco, República Dominicana y Pico Macaya, Haití bSanto Domingoc2013 a26/2/2014 10:09:50 a.m. c8172d8172